| 000 | 01085cab a2200241 4500 | ||
|---|---|---|---|
| 001 | ABS37701 | ||
| 008 | 090401t1987 xxu||||| |||| 00| 0 eng d | ||
| 035 | _a(Sirsi) u6289 | ||
| 041 | _aeng | ||
| 100 | _aWilkinson, H. W. | ||
| 245 | _aIrregular notice to terminate a business tenancy | ||
| 260 | _c1987 | ||
| 300 | _a(See also Abstract 36856) | ||
| 350 | _a0 | ||
| 490 |
_aNew Law Journal _v137(6305) 15 May 1987, 447-457(3) |
||
| 520 | _aWith reference to caselaw, considers the issue of irregular notice in terminating business tenancies under the Landlord and Tenant Act 1954 s25 . Outlines the procedure which landlord and tenant have to follow, before looking at the decision in Morrow v Nadeem , which raised the question of how strictly the prescribed forms had to be followed. Also considers caselaw where the validity of the notices was questioned, and the authority to serve notices. | ||
| 650 | _aINVALID NOTICES | ||
| 650 | _aMORRIS V PATEL | ||
| 650 | _aTERMINATION | ||
| 690 | _aLANDLORD AND TENANT-BUSINESS TENANCIES | ||
| 942 | _n0 | ||
| 948 | _c04/03/1997 | ||
| 999 |
_c3786 _d3786 |
||